Beyond differentiated instruction / Jodi O'Meara
Record details
- ISBN: 978-1-4129-8203-0
- Physical Description: ix, 145 s. : obr. ; 26 cm
- Publisher: Thousand Oaks : Corwin, 2010
Content descriptions
| Bibliography, etc. Note: | Obsahuje bibliografii a rejstřík |
Search for related items by subject
| Subject: | Učení styl učení Děti (věk školní, mladší) skupinové vyučování |
| Genre: | monografie |
Available copies
- 1 of 1 copy available at Common Catalog SPOK.
Holds
- 0 current holds with 1 total copy.
Show Only Available Copies
| Location | Call Number / Copy Notes | Barcode | Shelving Location | Status | Due Date |
|---|---|---|---|---|---|
| Varianty | Cho O´Me | 4605401621 | Šafaříkova 17 - 5. patro, chodba | Available | - |
| LDR | 00941cam a22002897a 4500 | ||
|---|---|---|---|
| 001 | 32045 | ||
| 003 | CZ-PrJAB | ||
| 005 | 20190603132417.0 | ||
| 008 | 091113s2010 xxud 001 0 eng d | ||
| 010 | . | ‡a2009047379 | |
| 020 | . | ‡a978-1-4129-8203-0 ‡q(brož.) | |
| 035 | . | ‡a(CZ PrSKC)001387982 | |
| 035 | . | ‡a(OCoLC)460052626 | |
| 040 | . | ‡aDLC ‡bcze ‡cDLC ‡dBTCTA ‡dYDXCP ‡dC#P ‡dBWX ‡dUKM ‡dCDX ‡dDLC ‡dABD001 | |
| 072 | 7. | ‡a37.09 ‡xOrganizace výuky a vzdělávání ‡2Konspekt ‡922 | |
| 100 | 1 | . | ‡aO'Meara, Jodi ‡4aut |
| 245 | 1 | 0. | ‡aBeyond differentiated instruction / ‡cJodi O'Meara |
| 260 | . | ‡aThousand Oaks : ‡bCorwin, ‡c2010 | |
| 300 | . | ‡aix, 145 s. : ‡bobr. ; ‡c26 cm | |
| 504 | . | ‡aObsahuje bibliografii a rejstřík | |
| 650 | 0 | 4. | ‡aUčení |
| 650 | 0 | 4. | ‡astyl učení |
| 650 | 0 | 4. | ‡aDěti (věk školní, mladší) |
| 650 | 0 | 7. | ‡askupinové vyučování ‡7ph125608 ‡2czenas |
| 655 | 7. | ‡amonografie ‡7fd132842 ‡2czenas | |
| 910 | . | ‡aABH006 | |
| 901 | . | ‡a32045 ‡b ‡c32045 ‡tbiblio | |